National Assembly Library of Thailand

The Ottoman empire : a troubled legacy : (ระเบียนเลขที่ 73922)

รายละเอียดในรูปแบบ MARC
000 -LEADER
fixed length control field 00889nam a22002297a 4500
003 - CONTROL NUMBER IDENTIFIER
control field NALT
005 - DATE AND TIME OF LATEST TRANSACTION
control field 20250410073729.0
008 - FIXED-LENGTH DATA ELEMENTS--GENERAL INFORMATION
fixed length control field s2003 eng d
020 ## - INTERNATIONAL STANDARD BOOK NUMBER
International Standard Book Number 9993099414
040 ## - CATALOGING SOURCE
Original cataloging agency NALT
041 ## - LANGUAGE CODE
Language code of text/sound track or separate title eng
050 ## - LIBRARY OF CONGRESS CALL NUMBER
Classification number DR 441
Item number D32O 2003
100 1# - MAIN ENTRY--PERSONAL NAME
Personal name Dadrian, Vahakn N.
9 (RLIN) 133
245 14 - TITLE STATEMENT
Title The Ottoman empire : a troubled legacy :
Remainder of title views comments and judgments by noted experts world wide /
Statement of responsibility, etc. compiled by Vahakn N. Dadrian.
260 ## - PUBLICATION, DISTRIBUTION, ETC.
Place of publication, distribution, etc. S.l. :
Name of publisher, distributor, etc. National Academy of Sciences Museum-Institute of the Armenian Genocide,
Date of publication, distribution, etc. 2003.
300 ## - PHYSICAL DESCRIPTION
Extent 93 p. ;
Other physical details
Dimensions 24 cm.
500 ## - GENERAL NOTE
General note พิพิธภัณฑ์มอบให้ห้องสมุด
651 #0 - SUBJECT ADDED ENTRY--GEOGRAPHIC NAME
9 (RLIN) 35115
Geographic name Turkey
General subdivision History
Chronological subdivision Ottoman Empire, 1288-1918
General subdivision Addresses, essays, lectures
850 ## - HOLDING INSTITUTION
Holding institution NALT
942 ## - ADDED ENTRY ELEMENTS (KOHA)
Koha item type General Book
Source of classification or shelving scheme Library of Congress Classification
998 ## - STAFF NAME (NALT)
--
-- CRON CRON
รายการที่มีในห้องสมุด
Withdrawn status Lost status Source of classification or shelving scheme Damaged status Not for loan Collection code Home library Current library Shelving location Source of acquisition Total Checkouts Full call number Barcode Date last seen Price effective from Koha item type
    Library of Congress Classification     General Book collection National Assembly Library of Thailand National Assembly Library of Thailand General Book shelves บริจาค   DR 441 D32O 2003 3961200456 09/06/2017 09/06/2017 General Book
หอสมุดรัฐสภา
สำนักงานเลขาธิการสภาผู้แทนราษฎร เลขที่ 1111 ถนนสามเสน แขวงถนนนครไชยศรี เขตดุสิต กรุงเทพฯ 10300
The Secretariat of the House of Representatives 1111 Samsen Road, Thanon Nakhon Chai Si, Dusit, Bangkok 10300, THAILAND
โทรศัพท์: +66(0) 2242 5900 ต่อ 5714-5 โทรสาร: +66(0) 2242 5990 อีเมล: [email protected]